000 00318nam a22001457a 4500
008 210527b ||||| |||| 00| 0 eng d
020 _a9780805858099
041 _aeng
080 _a159.9
082 _a159.9
100 _a48
101 _aPSI
245 _aCommunication as Comfort
_cRagan,S.L
942 _2udc
_cBK
999 _c57747
_d57747